It looks like you're offline.
Open Library logo
additional options menu

MARC record from Internet Archive

LEADER: 02478cam 2200613 a 4500
001 ocm35270022
003 OCoLC
005 20201109230815.0
008 960813s1997 njua 001 0 eng
010 $a 96038437
040 $aDLC$beng$cDLC$dC#P$dNLGGC$dBTCTA$dYDXCP$dZWZ$dHEBIS$dUKM$dBAKER$dBDX$dOCLCO$dOCLCF$dOCLCQ$dI8M$dOCLCO$dOCLCQ$dNAM$dOCLCA$dOCLCQ
015 $aGB9724920$2bnb
019 $a36991373$a1049748433
020 $a013267923X
020 $a9780132679237
035 $a(OCoLC)35270022$z(OCoLC)36991373$z(OCoLC)1049748433
050 00 $aQA76.73.J39$bH87 1997
082 00 $a005.2$220
084 $a54.53$2bcl
100 1 $aHusain, Kamran.
245 10 $aJavaScript developer's resource :$bclient-side programming using HTML, Netscape plug-ins and Java applets /$cKamran Husain, Jason Levitt.
260 $aUpper Saddle River, NJ :$bPrentice Hall,$c©1997.
300 $axxiv, 568 pages :$billustrations ;$c24 cm +$e1 computer optical disc (4 3/4 in.)
336 $atext$btxt$2rdacontent
337 $aunmediated$bn$2rdamedia
338 $avolume$bnc$2rdacarrier
500 $aIncludes index.
538 $aSystem requirements: computer running either Windows, Macintosh, or UNIX ; Netscape Navigator version 2.x or 3.0, or, Microsoft Internet Explorer 3.0 ; CD-ROM drive.
650 0 $aJavaScript (Computer program language)
650 0 $aClient/server computing.
650 0 $aPlug-ins (Computer programs)
650 7 $aClient/server computing.$2fast$0(OCoLC)fst00864205
650 7 $aJavaScript (Computer program language)$2fast$0(OCoLC)fst00982071
650 7 $aPlug-ins (Computer programs)$2fast$0(OCoLC)fst01067295
650 17 $aJavaScript.$2gtt
650 17 $aClient/server.$2gtt
650 7 $aJavaScript$2gnd
650 7 $aJava (langage de programmation)$2ram
650 7 $aArchitecture client-serveur (informatique)$2ram
650 7 $aUtilitaires (logiciels)$2ram
650 07 $aInternet.$2swd
700 1 $aLevitt, Jason.
938 $aBaker & Taylor$bBKTY$c44.95$d33.71$i013267923X$n0002868828$sactive
938 $aBrodart$bBROD$n49921614$c$44.95
938 $aBaker and Taylor$bBTCP$n96038437 //r98
938 $aYBP Library Services$bYANK$n1300078
029 1 $aAU@$b000012666785
029 1 $aHEBIS$b197109918
029 1 $aNLGGC$b151856427
029 1 $aUNITY$b018865933
029 1 $aYDXCP$b1300078
029 1 $aZWZ$b026025884
994 $aZ0$bP4A
948 $hHELD BY P4A - 118 OTHER HOLDINGS